| 000 | 00539nam a22001817a 4500 | ||
|---|---|---|---|
| 005 | 20251108171914.0 | ||
| 008 | 250721s2003 xx 000 0 ara d | ||
| 082 | 1 | 4 | _a401/عنا |
| 100 | 1 | _aالعناني، وليد | |
| 245 | 1 | 0 | _aاللسانيات التطبيقية في تعليم اللغة العربية / |
| 264 | 1 |
_aعمان : _bدار الجوهرة، _c2003. |
|
| 300 | _a253ص | ||
| 650 | 1 | 7 | _aاللسانيات |
| 650 | 1 | 7 | _aاللغات |
| 650 | 1 | 7 | _aاللغة العربية |
| 942 |
_2ddc _cBK |
||
| 999 |
_c65629 _d65629 |
||